=LDR 00000nam 2200000 4500 =001 INLIS000000000026544 =005 20130612125000 =008 ***********************************Ind** =035 ##$$0010-061300000026544 =041 ##$$a Ind =082 ##$$a 378.166 013 =090 ##$$a 378.166 013, Soa s =245 ##$$a Soal-soal dan pembahasan proyek perintis 1 sipenmaru-PTN UMPTN A3-A4 =260 ##$$a 1995 $b Bandung =300 ##$$a 939 hlm, 21 cm =650 ##$$a Soal UMPTN =850 ##$$a NBPNMAT =990 ##$$a 73777377 =990 ##$$a 162.208/pro.2001 =990 ##$$a 112.895/Pro.97